| 000 | 00435nam a2200181Ia 4500 | ||
|---|---|---|---|
| 001 | 14111 | ||
| 005 | 20260306164850.0 | ||
| 008 | 260306t2002||||xx |||||||||||||| ||spa|| | ||
| 041 | _aESP | ||
| 082 |
_a006.6 _bS52 2002 |
||
| 100 |
_aSiek, Jeremy G. _eAUT |
||
| 245 | 4 |
_aThe boost graph library: _buser guide and reference manual |
|
| 260 | _c2002 | ||
| 300 |
_a _c |
||
| 650 | _aGEN | ||
| 654 | _aCCC | ||
| 942 |
_cLIB _dJUS _fJUS _2ddc _n |
||
| 999 |
_c14111 _d14111 |
||